| 000 | 00550nam a2200169Ia 4500 | ||
|---|---|---|---|
| 999 |
_c36181 _d36181 |
||
| 003 | OSt | ||
| 005 | 20201211100915.0 | ||
| 008 | 190216s9999||||xx |||||||||||||| ||und|| | ||
| 040 | _coclc | ||
| 082 |
_a340.59 _bRIZ/S |
||
| 100 |
_aRizvi, S Ameenul Hasan _92441 |
||
| 245 | 0 |
_aSupreme Court And The Muslim Personal Law / _cS Ameenul Hasan Rizvi |
|
| 260 |
_bMarkazi Maktaba Islami, _c2000. _aDelhi: |
||
| 300 | _a72p | ||
| 650 | _aSupreme Court And The Muslim Personal Law | ||
| 942 |
_cREF _2ddc _h340.59 _iRIZ/S _k340.59 _mRIZ/S |
||